000 00506nam a2200145 4500
999 _c10886
_d10886
008 180925b ||||| |||| 00| 0 eng d
022 _a2094-8042
082 _aDPer 370.105 M72 Jan-Dec 2011 v59-60
100 _931665
_aDizon, Virginia B.
245 _aChild pornography in the Philippines/
_cVirginia B. Dizon.
260 _aPhilippines:
_bIn the Grade School, Inc.,
_cc2011.
300 _av60 n5, pages 194-195:
_billustrations;
_c27cm.
650 0 _931666
_aPornography
_xChildren.
942 _2ddc
_cPER